[Event "CZE-chT U18 Extraliga final-A 1617"]
[Site "Czech Republic"]
[Date "2017.04.22"]
[Round "10.6"]
[White "Jirousek, Jan"]
[Black "Dolezalova, Lada"]
[Result "1/2-1/2"]
[WhiteElo "1733"]
[BlackElo "1779"]
[PlyCount "41"]
[EventDate "2016.10.01"]
[EventType "team-tourn"]
[EventRounds "11"]
[EventCountry "CZE"]
[SourceTitle "EXT 2022"]
[Source "ChessBase"]
[SourceDate "2021.10.06"]
[SourceVersion "1"]
[SourceVersionDate "2021.10.06"]
[SourceQuality "1"]
[WhiteTeam "Polabiny U18"]
[BlackTeam "Klatovy U18"]
[WhiteTeamCountry "CZE"]
[BlackTeamCountry "CZE"]

1. d4 d5 2. c4 e6 3. Nc3 Nf6 4. Bg5 Be7 5. Nf3 0-0 6. cxd5 exd5 7. Qc2 Re8 8. e3 Nbd7 9. Bd3 Nf8 10. 0-0 c6 11. Rab1 g6 12. b4 Ne6 13. Bxf6 Bxf6 14. b5 c5 15. dxc5 Nxc5 16. Rbd1 Nxd3 17. Qxd3 Bf5 18. Qd2 Be4 19. Nxe4 dxe4 20. Qxd8 Raxd8 21. Nd4 1/2-1/2

[Event "CZE-ch U16 Girls"]
[Site "Kouty nad Desnou"]
[Date "2014.03.11"]
[Round "5"]
[White "Dolezalova, Lada"]
[Black "Navratilova, Lenka"]
[Result "0-1"]
[WhiteElo "1606"]
[BlackElo "1323"]
[PlyCount "68"]
[EventDate "2014.03.08"]
[EventType "swiss"]
[EventRounds "9"]
[EventCountry "CZE"]
[SourceTitle "EXT 2015"]
[Source "ChessBase"]
[SourceDate "2014.11.20"]
[SourceVersion "1"]
[SourceVersionDate "2014.11.20"]
[SourceQuality "1"]

1. e4 e5 2. Nf3 Nc6 3. d4 exd4 4. Nxd4 Nf6 5. Nc3 Bb4 6. Bc4 0-0 7. Bg5 Re8 8. Nxc6 bxc6 9. Qf3 d5 10. Bxf6 Qxf6 11. Qxf6 gxf6 12. Bd3 dxe4 13. Be2 f5 14. 0-0 Be6 15. a3 Ba5 16. b4 Bb6 17. Rad1 Rad8 18. Na4 Bd4 19. Rfe1 Rd7 20. c3 Be5 21. Rxd7 Bxd7 22. Nc5 Be6 23. Nxe6 Rxe6 24. c4 Bb2 25. a4 Bc3 26. Rb1 f4 27. b5 c5 28. Rd1 Bd4 29. Kf1 Rf6 30. Rb1 f3 31. gxf3 exf3 32. Bd1 Rh6 33. Bxf3 Rxh2 34. Rb2 Bxb2 0-1

[Event "CZE-ch U16 Girls"]
[Site "Kouty nad Desnou"]
[Date "2014.03.08"]
[Round "1"]
[White "Pychova, Nela"]
[Black "Dolezalova, Lada"]
[Result "1-0"]
[WhiteElo "1990"]
[BlackElo "1606"]
[PlyCount "113"]
[EventDate "2014.03.08"]
[EventType "swiss"]
[EventRounds "9"]
[EventCountry "CZE"]
[SourceTitle "EXT 2015"]
[Source "ChessBase"]
[SourceDate "2014.11.20"]
[SourceVersion "1"]
[SourceVersionDate "2014.11.20"]
[SourceQuality "1"]

1. c4 e5 2. Nc3 Nc6 3. g3 f5 4. Bg2 Nf6 5. d3 Be7 6. e3 0-0 7. Nge2 a6 8. 0-0 d6 9. Rb1 Be6 10. Nd5 Rb8 11. b4 Na7 12. a4 c6 13. Nxe7+ Qxe7 14. Nc3 d5 15. cxd5 Nxd5 16. Nxd5 Bxd5 17. e4 fxe4 18. Be3 Nc8 19. Bc5 Qf6 20. Bxf8 Qxf8 21. dxe4 Bc4 22. Re1 Nd6 23. Qd2 Qf6 24. Rbd1 Rd8 25. Qc3 Bf7 26. Rd3 Bg6 27. Red1 Nf7 28. Rxd8+ Nxd8 29. Qd3 Ne6 30. Qd7 Nd4 31. Qxb7 Bh5 32. Qc8+ Kf7 33. g4 Bg6 34. Qxa6 Qf4 35. Qc4+ Kf6 36. Qd3 Qxg4 37. Re1 Bh5 38. a5 Qg6 39. Re3 Qe8 40. h3 Qb8 41. Qc4 Bf7 42. Qc5 Qc8 43. Qb6 Bc4 44. Kh2 Bb5 45. Ra3 Nc2 46. Rf3+ Kg6 47. Qc5 Nd4 48. Qd6+ Ne6 49. Qxe5 Be2 50. Qf5+ Kh6 51. Rg3 Qd7 52. h4 g6 53. Qe5 Qf7 54. f3 Nf4 55. Qg5+ Kg7 56. h5 Nxh5 57. Qxh5 1-0

[Event "Tabor op"]
[Site "Tabor"]
[Date "2013.08.01"]
[Round "6"]
[White "Vanek, Frantisek"]
[Black "Dolezalova, Lada"]
[Result "1-0"]
[WhiteElo "1431"]
[BlackElo "1616"]
[PlyCount "67"]
[EventDate "2013.07.28"]
[EventType "swiss"]
[EventRounds "9"]
[EventCountry "CZE"]
[SourceTitle "CBM 155 Extra"]
[Source "ChessBase"]
[SourceDate "2013.08.26"]
[SourceVersion "1"]
[SourceVersionDate "2013.08.26"]
[SourceQuality "1"]

1. Nc3 e5 2. e4 Bc5 3. Bc4 d6 4. d3 Nc6 5. Qf3 Qe7 6. Nd5 Nd4 7. Qd1 Qd8 8. c3 Ne6 9. b4 Bb6 10. f4 exf4 11. Nxf4 Bxg1 12. Rxg1 Qh4+ 13. g3 Qxh2 14. Be3 Nxf4 15. gxf4 g6 16. Qb3 Qh4+ 17. Kd2 Qe7 18. Bd4 Nf6 19. Rae1 0-0 20. e5 dxe5 21. Rxe5 Qd8 22. Rge1 Bd7 23. Re7 Be6 24. Bxf6 Bxc4 25. Qxc4 Qd6 26. Bg5 Kg7 27. Rxc7 Qb6 28. Rc5 a5 29. Qd4+ f6 30. Re7+ Kg8 31. Qd5+ Kh8 32. Re6 Qd8 33. Qxd8 Rfxd8 34. Bxf6+ 1-0

[Event "Nachod op"]
[Site "Nachod"]
[Date "2012.07.08"]
[Round "9"]
[White "Dolezalova, Lada"]
[Black "Zilavy, Jan"]
[Result "0-1"]
[WhiteElo "1648"]
[BlackElo "1657"]
[PlyCount "68"]
[EventDate "2012.06.30"]
[EventType "swiss"]
[EventRounds "9"]
[EventCountry "CZE"]
[SourceTitle "CBM 149 Extra"]
[Source "ChessBase"]
[SourceDate "2012.08.24"]
[SourceVersion "1"]
[SourceVersionDate "2012.08.24"]
[SourceQuality "1"]

1. e4 c6 2. d4 d5 3. exd5 cxd5 4. c4 Nf6 5. Bg5 e6 6. Nf3 h6 7. Bd2 b6 8. Bd3 Ba6 9. Qa4+ Qd7 10. Qb3 Be7 11. Ne5 Qc7 12. Bf4 dxc4 13. Bxc4 Bxc4 14. Qxc4 Qxc4 15. Nxc4 Nc6 16. 0-0 Nd5 17. Be3 Rd8 18. Nbd2 b5 19. Na3 a6 20. Nb3 0-0 21. Rac1 Ncb4 22. Ra1 Nd3 23. Rab1 Nxb2 24. Rxb2 Bxa3 25. Re2 Rc8 26. Rd2 Rfd8 27. g3 Kh7 28. h4 Rc7 29. Kg2 Rdc8 30. Rfd1 Bb4 31. Rb2 Rc2 32. Rdb1 Nxe3+ 33. Kh3 Rxb2 34. Rxb2 Rc2 0-1

[Event "CZE-ch U12 Girls"]
[Site "Kouty nad Desnou"]
[Date "2011.03.14"]
[Round "3"]
[White "Dolezalova, Lada"]
[Black "Pychova, Nela"]
[Result "0-1"]
[WhiteElo "1666"]
[BlackElo "1561"]
[PlyCount "56"]
[EventDate "2011.03.12"]
[EventType "swiss"]
[EventRounds "9"]
[EventCountry "CZE"]
[SourceTitle "EXT 2014"]
[Source "ChessBase"]
[SourceDate "2013.11.20"]
[SourceVersion "1"]
[SourceVersionDate "2013.11.20"]
[SourceQuality "1"]

1. e4 c5 2. Nf3 d6 3. Bc4 h6 4. Nc3 Nf6 5. d4 cxd4 6. Nxd4 g6 7. 0-0 Bg7 8. Be3 0-0 9. h3 Nc6 10. Qd2 Kh7 11. Rad1 Bd7 12. a3 a6 13. b4 b5 14. Bb3 Rc8 15. f4 Qc7 16. f5 Ne5 17. Nce2 Nxe4 18. fxg6+ fxg6 19. Qc1 Nc4 20. Bxc4 Qxc4 21. Rxf8 Rxf8 22. Rf1 e5 23. Rxf8 Bxf8 24. Qf1 Bg7 25. Nf3 Qxc2 26. Nh4 Qc4 27. Qf3 Ng5 28. Ng3 Nxf3+ 0-1

[Event "CZE-ch U12 Girls"]
[Site "Kouty nad Desnou"]
[Date "2011.03.13"]
[Round "2"]
[White "Brunova, Blanka"]
[Black "Dolezalova, Lada"]
[Result "0-1"]
[WhiteElo "1386"]
[BlackElo "1666"]
[PlyCount "58"]
[EventDate "2011.03.12"]
[EventType "swiss"]
[EventRounds "9"]
[EventCountry "CZE"]
[SourceTitle "EXT 2014"]
[Source "ChessBase"]
[SourceDate "2013.11.20"]
[SourceVersion "1"]
[SourceVersionDate "2013.11.20"]
[SourceQuality "1"]

1. e4 e5 2. Nf3 Nc6 3. Nc3 Nf6 4. Bb5 a6 5. Bxc6 bxc6 6. Nxe5 Bb4 7. 0-0 Bxc3 8. dxc3 0-0 9. f3 Re8 10. Nd3 d6 11. Bg5 h6 12. Bh4 Qe7 13. Nb4 Bb7 14. Re1 Rad8 15. Qd3 a5 16. Na6 Ra8 17. Bxf6 gxf6 18. Nxc7 Qxc7 19. f4 Qb6+ 20. Re3 Ba6 21. Qd4 Qxb2 22. Rg3+ Kh7 23. Rd1 Qxc2 24. Rd2 Qxe4 25. Qxe4+ Rxe4 26. Rxd6 Re1+ 27. Kf2 Rf1+ 28. Ke3 Re8+ 29. Kd2 Re2# 0-1

[Event "CZE-ch U12 Girls"]
[Site "Kouty nad Desnou"]
[Date "2010.03.12"]
[Round "8"]
[White "Bohanesova, Vendula"]
[Black "Dolezalova, Lada"]
[Result "1-0"]
[WhiteElo "1467"]
[BlackElo "1569"]
[PlyCount "49"]
[EventDate "2010.03.06"]
[EventType "swiss"]
[EventRounds "9"]
[EventCountry "CZE"]
[SourceTitle "EXT 2012"]
[Source "ChessBase"]
[SourceDate "2011.11.24"]
[SourceVersion "1"]
[SourceVersionDate "2011.11.24"]
[SourceQuality "1"]

1. d4 d5 2. Bf4 Nf6 3. e3 Nc6 4. Bd3 Bd7 5. Nf3 e6 6. 0-0 Bd6 7. c3 0-0 8. Nbd2 Re8 9. Ne5 Qe7 10. e4 Rad8 11. Bg3 dxe4 12. Nxe4 Nxe4 13. Bxe4 Nxe5 14. dxe5 Bc5 15. Qh5 h6 16. Bh4 f6 17. exf6 gxf6 18. Bxf6 Qxf6 19. Qxc5 b6 20. Qxc7 Bb5 21. c4 Bd7 22. Rad1 Qg7 23. Rd3 Kh8 24. Rg3 Qxb2 25. Qf4 1-0

[Event "CZE-ch U12 Girls"]
[Site "Kouty nad Desnou"]
[Date "2010.03.09"]
[Round "5"]
[White "Dolezalova, Lada"]
[Black "Pychova, Nela"]
[Result "1/2-1/2"]
[WhiteElo "1569"]
[BlackElo "1566"]
[PlyCount "31"]
[EventDate "2010.03.06"]
[EventType "swiss"]
[EventRounds "9"]
[EventCountry "CZE"]
[SourceTitle "EXT 2012"]
[Source "ChessBase"]
[SourceDate "2011.11.24"]
[SourceVersion "1"]
[SourceVersionDate "2011.11.24"]
[SourceQuality "1"]

1. d4 d5 2. c4 e6 3. Nf3 Nf6 4. Bg5 Be7 5. Nc3 0-0 6. e3 h6 7. Bh4 b6 8. Bd3 Bb7 9. 0-0 Nc6 10. a3 dxc4 11. Bxc4 Na5 12. Bd3 Rc8 13. Rc1 Nc6 14. Re1 a6 15. Qc2 Nb8 16. Ne5 1/2-1/2

[Event "CZE-ch U12 Girls"]
[Site "Kouty nad Desnou"]
[Date "2010.03.08"]
[Round "3"]
[White "Dolezalova, Lada"]
[Black "Sperkova, Kristyna"]
[Result "1/2-1/2"]
[WhiteElo "1569"]
[BlackElo "1384"]
[PlyCount "101"]
[EventDate "2010.03.06"]
[EventType "swiss"]
[EventRounds "9"]
[EventCountry "CZE"]
[SourceTitle "EXT 2012"]
[Source "ChessBase"]
[SourceDate "2011.11.24"]
[SourceVersion "1"]
[SourceVersionDate "2011.11.24"]
[SourceQuality "1"]

1. Nf3 Nc6 2. d4 d5 3. c4 Bg4 4. e3 e6 5. Nc3 Nf6 6. cxd5 exd5 7. Bb5 Qd7 8. h3 Bh5 9. Qa4 Bxf3 10. gxf3 Be7 11. Bxc6 Qxc6 12. Qxc6+ bxc6 13. Bd2 c5 14. Nb5 Kd7 15. dxc5 Rab8 16. Nd4 Rxb2 17. c6+ Kd8 18. Bc3 Bb4 19. Bxb4 Rxb4 20. Kd2 Rb2+ 21. Kc3 Rxf2 22. Rab1 Ke7 23. Nf5+ Ke6 24. Nxg7+ Kd6 25. Nf5+ Kxc6 26. Nd4+ Kd7 27. a3 Re8 28. Kd3 c5 29. Nf5 c4+ 30. Kd4 Rd2+ 31. Kc3 Rd3+ 32. Kc2 Rxa3 33. Rb7+ Kc6 34. Rxf7 Nh5 35. Rxh7 Nf6 36. Rh6 Rf8 37. Rg1 Kc5 38. Nd4 Rxe3 39. Rd1 a5 40. Kb2 a4 41. Ka2 a3 42. Rg6 Rf7 43. h4 Rd3 44. Rxd3 cxd3 45. Nb3+ Kb4 46. h5 Nxh5 47. Rb6+ Kc4 48. Rc6+ Kb4 49. Rb6+ Kc4 50. Rc6+ Kb4 51. Rb6+ 1/2-1/2

[Event "CZE-ch U12 Girls"]
[Site "Kouty nad Desnou"]
[Date "2010.03.07"]
[Round "2"]
[White "Kubosova, Hana"]
[Black "Dolezalova, Lada"]
[Result "1-0"]
[WhiteElo "1469"]
[BlackElo "1569"]
[PlyCount "101"]
[EventDate "2010.03.06"]
[EventType "swiss"]
[EventRounds "9"]
[EventCountry "CZE"]
[SourceTitle "EXT 2012"]
[Source "ChessBase"]
[SourceDate "2011.11.24"]
[SourceVersion "1"]
[SourceVersionDate "2011.11.24"]
[SourceQuality "1"]

1. d4 d5 2. c4 Nf6 3. Nc3 Bf5 4. Bg5 Nc6 5. Bxf6 exf6 6. cxd5 Nb4 7. e4 Bd7 8. a3 Na6 9. Bd3 Be7 10. Nf3 0-0 11. 0-0 Bg4 12. h3 Bh5 13. Be2 Re8 14. Nh4 Bxe2 15. Qxe2 Bd6 16. Nf5 Kh8 17. Kh1 Qd7 18. f3 c5 19. dxc6 Qxc6 20. Qb5 Qc7 21. Nd5 Qd8 22. Qxb7 Nc7 23. Nxd6 Qxd6 24. Nxc7 Reb8 25. Nb5 Qe6 26. Nc7 Rxb7 27. Nxe6 fxe6 28. b4 Rd7 29. Rfd1 Rc8 30. Rac1 Rcd8 31. Rc5 h6 32. d5 Rd6 33. Kg1 Ra6 34. Rd3 Rad6 35. Kf2 Kg8 36. Ke3 Kf7 37. Kd4 Kg6 38. Kc4 h5 39. Rc6 exd5+ 40. exd5 R6d7 41. Kc5 Kf5 42. d6 Ke6 43. Rd4 g6 44. Re4+ Kf5 45. Re7 Rxe7 46. dxe7 Re8 47. Kd6 Rg8 48. Kd7 Rg7 49. Kd8 Rg8+ 50. e8Q Rxe8+ 51. Kxe8 1-0

[Event "CZE Czechia-ch U12"]
[Site "Harrachov"]
[Date "2009.10.24"]
[Round "1"]
[White "Dolezalova, Lada"]
[Black "Suchomelova, Simona"]
[Result "0-1"]
[WhiteElo "1583"]
[BlackElo "1250"]
[PlyCount "70"]
[EventDate "2009.10.24"]
[EventType "swiss"]
[EventRounds "9"]
[EventCountry "CZE"]
[SourceTitle "EXT 2012"]
[Source "ChessBase"]
[SourceDate "2011.11.24"]
[SourceVersion "1"]
[SourceVersionDate "2011.11.24"]
[SourceQuality "1"]

1. e4 e5 2. Nf3 Nc6 3. d4 exd4 4. Nxd4 Bc5 5. Be3 Qf6 6. c3 Qg6 7. Nd2 Nf6 8. Bd3 Qxg2 9. Rf1 Nxd4 10. Bxd4 Bxd4 11. cxd4 d6 12. Rc1 c6 13. Qe2 Bh3 14. e5 dxe5 15. Qxe5+ Kd7 16. Bf5+ Bxf5 17. Qxf5+ Kd8 18. Qf4 Re8+ 19. Kd1 Qg4+ 20. Qxg4 Nxg4 21. h3 Nf6 22. Rg1 g6 23. Nc4 Kc7 24. b4 Re4 25. Kc2 Rxd4 26. Kb1 a6 27. a3 Re8 28. Kb2 Re2+ 29. Kb1 Rxf2 30. Ne5 Ne4 31. Ng4 Re2 32. Ne5 Nd2+ 33. Ka1 Nb3+ 34. Kb1 Nxc1 35. Kxc1 Rxe5 0-1

[Event "Tabor op"]
[Site "Tabor"]
[Date "2009.08.04"]
[Round "4"]
[White "Dolezalova, Lada"]
[Black "Kral, Ladislav"]
[Result "1-0"]
[WhiteElo "1250"]
[BlackElo "1768"]
[PlyCount "41"]
[EventDate "2009.08.02"]
[EventType "swiss"]
[EventRounds "9"]
[EventCountry "CZE"]
[SourceTitle "CBM 131 Extra"]
[Source "ChessBase"]
[SourceDate "2009.09.03"]
[SourceVersion "2"]
[SourceVersionDate "2009.09.16"]
[SourceQuality "1"]

1. e4 d5 2. exd5 Nf6 3. Nf3 Nxd5 4. Bc4 Nb6 5. Bb3 Bg4 6. Nc3 e6 7. d3 Bd6 8. h3 Bh5 9. Be3 Nc6 10. Qe2 Ne5 11. g4 Bg6 12. Nxe5 Bxe5 13. d4 Bxd4 14. Bxd4 Qxd4 15. f4 Qxf4 16. Rf1 Qg3+ 17. Rf2 0-0-0 18. Ne4 Qh4 19. Qf3 Rd4 20. Nc5 Rhd8 21. Qxb7# 1-0

[Event "CZE-ch U10 Girls"]
[Site "Kouty nad Desnou"]
[Date "2009.03.14"]
[Round "9"]
[White "Dolezalova, Lada"]
[Black "Brunova, Blanka"]
[Result "0-1"]
[WhiteElo "1250"]
[BlackElo "1250"]
[PlyCount "92"]
[EventDate "2009.03.07"]
[EventType "swiss"]
[EventRounds "9"]
[EventCountry "CZE"]
[SourceTitle "EXT 2011"]
[Source "ChessBase"]
[SourceDate "2010.11.26"]
[SourceVersion "1"]
[SourceVersionDate "2010.11.26"]
[SourceQuality "1"]

1. e4 e5 2. Nf3 d6 3. Bc4 Be7 4. Nc3 Nf6 5. d3 0-0 6. Be3 Nc6 7. Qd2 Ng4 8. Bg5 Nd4 9. Bxe7 Qxe7 10. Nxd4 exd4 11. Nd5 Qd7 12. h3 Ne5 13. Qg5 Ng6 14. f4 Qd8 15. Qxd8 Rxd8 16. g3 c6 17. Nb4 a5 18. f5 Ne7 19. Nxc6 Nxc6 20. Rf1 Nb4 21. Kd2 b5 22. Bxb5 Bd7 23. Bc4 Rac8 24. a3 Nc6 25. f6 Bxh3 26. Rf2 g6 27. Rg1 Ne5 28. Bb3 Bg4 29. Rf4 Nf3+ 30. Rxf3 Bxf3 31. Rf1 Bh5 32. Rg1 Re8 33. g4 Re5 34. gxh5 Rxh5 35. Rg2 Rcc5 36. c3 dxc3+ 37. bxc3 Rhg5 38. Rf2 h5 39. Rh2 Rb5 40. Bd1 Rb2+ 41. Kc1 Rxh2 42. a4 Rgg2 43. c4 Ra2 44. Bc2 Rhxc2+ 45. Kd1 Rh2 46. Kc1 Rh1# 0-1

[Event "CZE-ch U10 Girls"]
[Site "Kouty nad Desnou"]
[Date "2009.03.13"]
[Round "8"]
[White "Dolezalova, Lada"]
[Black "Pychova, Nela"]
[Result "0-1"]
[WhiteElo "1250"]
[BlackElo "1250"]
[PlyCount "82"]
[EventDate "2009.03.07"]
[EventType "swiss"]
[EventRounds "9"]
[EventCountry "CZE"]
[SourceTitle "EXT 2011"]
[Source "ChessBase"]
[SourceDate "2010.11.26"]
[SourceVersion "1"]
[SourceVersionDate "2010.11.26"]
[SourceQuality "1"]

1. e4 e5 2. d4 exd4 3. Qxd4 Nc6 4. Qa4 d6 5. Bb5 Bd7 6. Nc3 Nf6 7. Nf3 Be7 8. Be3 a6 9. Bd3 Ne5 10. Qb3 Nxd3+ 11. cxd3 b6 12. 0-0 0-0 13. Rac1 Be6 14. Qc2 Ng4 15. Ne2 Nxe3 16. fxe3 c5 17. Nd2 Bg5 18. Rf3 Bg4 19. Ng3 Bxf3 20. Nxf3 Bxe3+ 21. Kf1 Bxc1 22. Qxc1 d5 23. Qc3 dxe4 24. Nh5 Qxd3+ 25. Qxd3 exd3 26. Ke1 Rfe8+ 27. Kd2 Re2+ 28. Kxd3 Rxb2 29. Ne5 Rxa2 30. Nc4 b5 31. Nd2 Rd8+ 32. Ke4 Raxd2 33. Nf4 R2d4+ 34. Kf3 Rxf4+ 35. Kxf4 c4 36. Kf3 c3 37. Kg4 c2 38. Kh3 c1Q 39. g3 Qf1+ 40. Kh4 Rd4+ 41. Kh5 Qf5# 0-1

[Event "CZE-ch U10 Girls"]
[Site "Kouty nad Desnou"]
[Date "2009.03.11"]
[Round "6"]
[White "Dolezalova, Lada"]
[Black "Janska, Jitka"]
[Result "0-1"]
[WhiteElo "1250"]
[BlackElo "1435"]
[PlyCount "106"]
[EventDate "2009.03.07"]
[EventType "swiss"]
[EventRounds "9"]
[EventCountry "CZE"]
[SourceTitle "EXT 2011"]
[Source "ChessBase"]
[SourceDate "2010.11.26"]
[SourceVersion "1"]
[SourceVersionDate "2010.11.26"]
[SourceQuality "1"]

1. e4 e5 2. Nf3 Nc6 3. d4 exd4 4. Nxd4 Bc5 5. Be3 Qf6 6. c3 Nge7 7. Nd2 Nxd4 8. Bxd4 Bxd4 9. cxd4 Qxd4 10. b3 0-0 11. Bc4 d5 12. exd5 Nxd5 13. 0-0 Nb6 14. Rc1 Rd8 15. Rc2 Nxc4 16. bxc4 Bf5 17. Rc1 Qxd2 18. Qxd2 Rxd2 19. a3 Rc2 20. Rxc2 Bxc2 21. Rc1 Rd8 22. f3 Rd1+ 23. Rxd1 Bxd1 24. Kf2 Bb3 25. c5 b6 26. cxb6 axb6 27. Ke3 c5 28. Kd3 b5 29. g4 g5 30. h3 Kg7 31. Kc3 c4 32. Kd4 Kg6 33. Ke3 f5 34. gxf5+ Kxf5 35. Kf2 c3 36. Ke2 c2 37. Kd2 Kf4 38. Kc1 Kxf3 39. Kb2 Ke2 40. Kc1 h5 41. Kb2 Kd2 42. Kxb3 c1Q 43. Kb4 Qc3+ 44. Kxb5 Qxa3 45. Kc6 Qa5 46. h4 gxh4 47. Kd7 Qb6 48. Kc8 Qa7 49. Kd8 Kd3 50. Ke8 Ke4 51. Kf8 Ke5 52. Kg8 Kf6 53. Kh8 Qg7# 0-1

[Event "CZE-ch U10 Girls"]
[Site "Sec u Chrudimi"]
[Date "2008.03.10"]
[Round "3"]
[White "Kubosova, Hana"]
[Black "Dolezalova, Lada"]
[Result "1-0"]
[WhiteElo "1250"]
[BlackElo "1250"]
[PlyCount "61"]
[EventDate "2008.03.08"]
[EventType "swiss"]
[EventRounds "9"]
[EventCountry "CZE"]
[SourceTitle "EXT 2009"]
[Source "ChessBase"]
[SourceDate "2008.11.26"]
[SourceVersion "1"]
[SourceVersionDate "2008.11.26"]
[SourceQuality "1"]

1. e4 e5 2. Nf3 d5 3. exd5 Qxd5 4. Nc3 Qd7 5. Nxe5 Qe6 6. Qe2 Nf6 7. d4 g6 8. Nb5 Na6 9. Nc3 Bg7 10. Qe3 0-0 11. Nf3 Re8 12. Qxe6 Rxe6+ 13. Be2 Bd7 14. 0-0 Rae8 15. Bg5 Rxe2 16. Nxe2 Rxe2 17. Ne5 Be6 18. Rfc1 Ne8 19. Kf1 Bc4 20. Nxc4 Re6 21. c3 b5 22. d5 Re4 23. Re1 Rxc4 24. Rxe8+ Bf8 25. Be7 Re4 26. Rxf8+ Kg7 27. Re8 Nc5 28. Bxc5 Rxe8 29. Bxa7 Re5 30. Bd4 Kf6 31. Re1 1-0

[Event "CZE-ch U10 Girls"]
[Site "Sec u Chrudimi"]
[Date "2008.03.09"]
[Round "2"]
[White "Dolezalova, Lada"]
[Black "Pychova, Nela"]
[Result "0-1"]
[WhiteElo "1250"]
[BlackElo "1250"]
[PlyCount "78"]
[EventDate "2008.03.08"]
[EventType "swiss"]
[EventRounds "9"]
[EventCountry "CZE"]
[SourceTitle "EXT 2009"]
[Source "ChessBase"]
[SourceDate "2008.11.26"]
[SourceVersion "1"]
[SourceVersionDate "2008.11.26"]
[SourceQuality "1"]

1. d4 d5 2. c4 c6 3. Bf4 Nf6 4. e3 Bf5 5. Nc3 Nbd7 6. Nf3 Nb6 7. b3 e6 8. c5 Nc8 9. Bd3 Ne7 10. Qe2 Nh5 11. Bg3 Nxg3 12. hxg3 h6 13. e4 dxe4 14. Bxe4 Bxe4 15. Qxe4 Nd5 16. Nxd5 Qxd5 17. Qxd5 exd5 18. Rh5 0-0-0 19. Kf1 f6 20. g4 Be7 21. Re1 Rde8 22. Kg1 Bd8 23. a4 Rxe1+ 24. Nxe1 Ba5 25. Nf3 Re8 26. Rh1 Re4 27. Kh2 Rxg4 28. Kh3 Re4 29. Rb1 Bc3 30. Rd1 Re2 31. Kg3 Rb2 32. Rd3 Ba5 33. Re3 Kd7 34. Kh2 Rxf2 35. Kg1 Rc2 36. Kf1 Rc1+ 37. Ke2 Rc3 38. Rxc3 Bxc3 39. Kd3 Ba5 0-1